| 000 | 00902nam a22002657a 4500 | ||
|---|---|---|---|
| 001 | 8576 | ||
| 003 | FISKH | ||
| 005 | 20251001135452.0 | ||
| 008 | 251001b cb ||||| |||| 00| 0 eng d | ||
| 020 | _a9781445402284 | ||
| 040 |
_aFISKH _beng _cFISKH _dFISKH |
||
| 050 | _aPZ7 | ||
| 082 | _a793.01922 | ||
| 100 | _aAnonymous | ||
| 245 |
_aLift and Look: Let's Get Dressed: _bLift and learn with jigsaw words |
||
| 260 |
_aBath BA1 1HE: _bParragon, _c2010. |
||
| 300 |
_a10 unnumbered pages: _bcolor illustrations; _c22cm |
||
| 505 | _aaa | ||
| 520 | _aLift and look is a game all young children love to play. The jigsaw words cards inside are perfect for lttle hands and the fun photos will encourage endless chattering and chuckling! | ||
| 521 | 8 |
_a10
_bLexile estimate |
|
| 521 | 8 |
_aaa
_bRaz-Plus |
|
| 650 |
_aArts & recreation  _vNonfiction |
||
| 942 |
_2ddc _cBK _n0 |
||
| 999 |
_c8576 _d8576 |
||